Multikultúrna abeceda HR manažéra
Dokončenie článku z predchádzajúceho čísla. Posledná časť multikultúrnej abecedy. Rešpektovanie hodnôt a ciele spoločnosti. Kultúrne osobitosti a kľúč k úspechu na lokálnom trhu.
Uložené v:
| Hlavný autor: | |
|---|---|
| Médium: | Kapitola |
| Jazyk: | Slovak |
| Predmet: | |
| Tagy: |
Žiadne tagy, Buďte prvý, kto otaguje tento záznam!
|
MARC
| LEADER | 00000naa a2200000 4500 | ||
|---|---|---|---|
| 001 | 0200326 | ||
| 005 | 20230912114612.2 | ||
| 041 | 0 | |a slo | |
| 044 | |a SK | ||
| 245 | 1 | 0 | |a Multikultúrna abeceda HR manažéra |c Eva Gáboríková |
| 520 | |a Dokončenie článku z predchádzajúceho čísla. Posledná časť multikultúrnej abecedy. Rešpektovanie hodnôt a ciele spoločnosti. Kultúrne osobitosti a kľúč k úspechu na lokálnom trhu. | ||
| 610 | 2 | 0 | |a manažment |
| 610 | 2 | 0 | |a manažéri |
| 610 | 2 | 0 | |a riadenie vrcholové |
| 610 | 2 | 0 | |a diplomati |
| 610 | 2 | 0 | |a komunikácia multikultúrna |
| 610 | 2 | 0 | |a rokovania obchodné |
| 610 | 2 | 0 | |a rozmanitosť kultúrna |
| 100 | 1 | |a Gáboríková, Eva | |